Every 100k+ City in Western Canada in a Map - Statistics

General Stats
  • This quiz has been taken 395 times
  • The average score is 13 of 19
Answers on the Map
Answers color-coded by a green-red scale on the quiz's map according to % correct below.
 
Answer Stats
Population City % Correct
1,361,852 Calgary
99%
697,266 Vancouver
99%
1,047,003 Edmonton
98%
766,894 Winnipeg
98%
238,503 Regina
93%
280,174 Saskatoon
93%
598,530 Surrey
70%
106,736 Red Deer
65%
101,198 Kamloops
63%
146,127 Kelowna
62%
101,336 Nanaimo
57%
161,581 Abbotsford
56%
216,046 Richmond
54%
148,752 North Vancouver
51%
257,926 Burnaby
50%
101,324 Lethbridge
49%
111,281 Delta
42%
152,734 Coquitlam
41%
161,076 Langley
34%
No matching quizzes found
Score Distribution
Percent of People with Each Score
Percentile by Number Answered
Your Score History
You have not taken this quiz